000 00749nas a2200265 4500
001 BR9202613
003 BR-BrBNA
005 20231205092523.0
007 ta
008 230509b bl.|||p| |||| 00| 00por d
040 _aBR-BrBNA
_bpor
_cBiblioteca Nacional de Agricultura
041 _a(Pt)
072 _aL10
100 1 _aCavalcante, A.L.
245 1 _aPinto comercial obtido com tecnica brasileira
650 _aPINTO
650 _aREPRODUCAO ANIMAL
650 _aRACAO
650 _aCONTROLE CULTURAL
650 _aMELHORAMENTO GENETICO ANIMAL
650 _aPRATICO
773 0 _tManchete Rural (Brazil)
_xISSN 0102-8901
_g(Sep 1990), v. 4(42) p. 4-6
_wBR9202613
909 _a202311
_bLúcia
_c55
_dLúcia Elande
942 _2AGRIS
_n0
_cANA
999 _c132316
_d132316